| 000 | 01239cam a2200349 a 4500 | ||
|---|---|---|---|
| 999 |
_c29370 _d29341 |
||
| 001 | 16786075 | ||
| 003 | EG-ScBUE | ||
| 005 | 20210819101134.0 | ||
| 008 | 110519t2010 ua a f b 000 0 eng d | ||
| 020 | _a9789290685616 | ||
| 040 |
_aLEILA _beng _erda _cLEILA _dOCLCQ _dHLS _dOCLCO _dOCLCF _dDLC _dEG-ScBUE |
||
| 043 | _ama----- | ||
| 082 | 0 | 4 |
_a331.127959 _bINT _222 |
| 245 | 0 | 0 | _aIntra-regional labour mobility in the Arab world. |
| 264 | 1 |
_aCairo : _bInternational Organization for Migration, _c[2010] |
|
| 264 | 4 | _cc2010 | |
| 300 |
_aviii,173 pages : _bcolor illustrations ; _c24 cm |
||
| 336 |
_2rdacontent _atext _btxt |
||
| 337 |
_2rdamedia _aunmediated _bn |
||
| 338 |
_2rdacarrier _avolume _bnc |
||
| 504 | _aIncludes bibliographical references. | ||
| 650 | 7 |
_aLabor mobility _zArab countries. _2BUEsh |
|
| 650 | 7 |
_aLabor supply _zArab countries. _2BUEsh |
|
| 651 | 7 |
_aArab countries _xEmigration and immigration. _2BUEsh |
|
| 653 |
_bBUSECO _cAugust2021 |
||
| 655 |
_vReading book _934232 |
||
| 710 | 2 | _aInternational Organization for Migration. | |
| 906 |
_a7 _bcbc _ccopycat _d3 _encip _f20 _gy-nonroman |
||
| 942 |
_2ddc _cBB |
||